00445nam a2200133 i 4500001000300000100002100003245009300024260001900117700002000136040000800156041000800164008004100172856009800213bg1 aIZUMOV, Urij. A. 0aTeorija magnito-uporiadocennych kristallov s primesjami /cJu.A. Izjumov, M.V. Medvedev. aMoskva,c1970.1 aMEDVEDEV, M. V. cBPK apol s pl f |000 0 pol  uhttp://koha.tu.koszalin.pl/cgi-bin/koha/opac-detail.pl?biblionumber=26678yKatalog online BPK